| 000 | 00844nam a2200181Ia 4500 | ||
|---|---|---|---|
| 008 | 151202s9999||||xx |||||||||||||| ||und|| | ||
| 082 | _bPNVM-80856 | ||
| 100 | _aजोेषी दिनकर / अनु. शाळिग्राम सुषमा. | ||
| 245 | _aमहाभारतातील पितृवंदना. | ||
| 260 | _bमेहता पब्लिशिंग हाऊस पुणे. | ||
| 260 | _c73604 | ||
| 300 | _a156 | ||
| 600 | _aजोेषी दिनकर / अनु. शाळिग्राम सुषमा. | ||
| 630 | _aमहाभारतातील पितृवंदना. | ||
| 700 | _aजोेषी दिनकर / अनु. शाळिग्राम सुषमा. | ||
| 730 | _aमहाभारतातील पितृवंदना. | ||
| 942 | _cBOOK | ||
| 999 |
_c1345464 _d1345461 |
||